00538nam a2200157 a 450000100060000000300090000600800410001504000280005608200160008410000550010024500910015526000510024630000110029765000490030865000230035717028CO-ViMGA141112s2004 ck r 000 u spa d aCO-ViMGAbspacCO-ViMGA04a372.5 N347e1 aNun de Negro, Berta; Terragni de Molmenti, Dora A.10aExpresión plastica infantil , el trabajo tridimensional - Propuestas metodológicas aBuenos Aires (Argentina), cMagisterio, c1987 a111.p.14aEXPRESION ARTISTICA - INFANTIL - ENSEÑANZA14aEXPRESION PLASTICA